[Event "32. Staufer-Open A-Turnier"]
[Site "Schwäbisch Gmünd"]
[Date "2020.01.03"]
[Round "3.20"]
[White "Kölle, Tobias"]
[Black "Hahn, Florian"]
[Result "1/2-1/2"]
[WhiteElo "2316"]
[BlackElo "2106"]
[PlyCount "97"]
[EventDate "2020.??.??"]
[WhiteTeam "TSV Schönaich"]
[BlackTeam "SC Herborn"]

1. d4 Nf6 2. c4 c5 3. d5 b5 4. cxb5 a6 5. bxa6 g6 6. g3 Bg7 7. Bg2 d6 8. Nf3
O-O 9. Nc3 Nbd7 10. O-O Nb6 11. Nd2 Bxa6 12. Qc2 Bb7 13. e4 Ng4 14. h3 Ne5 15.
Nf3 Nxf3+ 16. Bxf3 Ba6 17. Be2 Qc8 18. Bxa6 Rxa6 19. Kg2 f5 20. Re1 Bd4 21. Bf4
Qb7 22. Rad1 Rf7 23. Be3 Bxc3 24. bxc3 fxe4 25. c4 Qa8 26. Qxe4 Rxa2 27. Rb1
Nd7 28. Rb5 e5 29. Qb1 Kg7 30. Rb7 Ra7 31. Rb2 Ra4 32. Rc1 Qa6 33. Qc2 Rf8 34.
Qe4 Rf7 35. Qh4 Qa8 36. Rcb1 Kg8 37. Qg4 Rf5 38. Qh4 Rf7 39. Rb7 Ra7 40. Rxa7
Qxa7 41. Qd8+ Kg7 42. h4 h5 43. Rb5 Kh7 44. Rb1 Kg7 45. Rb2 Kh7 46. Rb3 Kg7 47.
Qg5 Nf8 48. Qd8 Nd7 49. Rb2 1/2-1/2

[Event "32. Staufer-Open A-Turnier"]
[Site "Schwäbisch Gmünd"]
[Date "2020.01.03"]
[Round "3.21"]
[White "Chittka, Julius"]
[Black "Mohammadi Nia, Borna"]
[Result "1-0"]
[WhiteElo "2304"]
[BlackElo "2095"]
[PlyCount "63"]
[EventDate "2020.??.??"]
[WhiteTeam "SF Düsseldorf-Süd"]
[BlackTeam "SG Porz"]

1. Nf3 Nf6 2. b3 g6 3. Bb2 Bg7 4. g3 O-O 5. Bg2 d5 6. c4 dxc4 7. bxc4 c5 8. O-O
Nc6 9. d3 Qb6 10. Qb3 Qxb3 11. axb3 Nh5 12. Bxg7 Nxg7 13. Nc3 Rb8 14. Nd2 a6
15. Bxc6 bxc6 16. Ra5 Ne6 17. Rb1 f5 18. Na4 f4 19. Nxc5 Rf5 20. Nde4 Nd4 21.
Ra2 f3 22. exf3 Nxf3+ 23. Kg2 Nd4 24. b4 Kg7 25. Rbb2 Rh5 26. h4 h6 27. Nb3 Ne6
28. Nbd2 g5 29. Ra5 Nd4 30. f3 Kg6 31. hxg5 hxg5 32. g4 1-0

[Event "32. Staufer-Open A-Turnier"]
[Site "Schwäbisch Gmünd"]
[Date "2020.01.03"]
[Round "3.22"]
[White "Barzen, Pascal"]
[Black "Köllner, Christof"]
[Result "1/2-1/2"]
[WhiteElo "2301"]
[BlackElo "2084"]
[PlyCount "50"]
[EventDate "2020.??.??"]
[WhiteTeam "SG Trier"]
[BlackTeam "SV Bergneustadt/Derschlag"]

1. e4 d6 2. d4 Nf6 3. Nc3 e5 4. Nf3 Nbd7 5. Bc4 Be7 6. O-O Nb6 7. Bb3 exd4 8.
Qxd4 O-O 9. a4 a5 10. h3 Nfd7 11. Nd5 Nxd5 12. Bxd5 Bf6 13. Qe3 Re8 14. Qf4 Nc5
15. Re1 Be6 16. Bxe6 Rxe6 17. Qg4 Qe8 18. e5 Bxe5 19. Nxe5 Rxe5 20. Bd2 Qe6 21.
Qf3 Qd5 22. Qxd5 Rxd5 23. Bxa5 Nd3 24. cxd3 Rdxa5 25. b4 Re5 1/2-1/2

[Event "32. Staufer-Open A-Turnier"]
[Site "Schwäbisch Gmünd"]
[Date "2020.01.03"]
[Round "3.23"]
[White "Grill, Bernd"]
[Black "Siddharth, Jagadeesh"]
[Result "1/2-1/2"]
[WhiteElo "2094"]
[BlackElo "2301"]
[PlyCount "65"]
[EventDate "2020.??.??"]
[WhiteTeam "SV Ebersbach"]

1. d4 Nf6 2. Bg5 d5 3. Bxf6 gxf6 4. c4 dxc4 5. e3 c5 6. Bxc4 cxd4 7. exd4 Rg8
8. Qh5 e6 9. Ne2 Rxg2 10. Nbc3 Qc7 11. Bb3 Bd7 12. O-O-O Nc6 13. d5 Na5 14.
dxe6 Nxb3+ 15. axb3 Bxe6 16. Rhe1 Bd6 17. Qb5+ Kf8 18. Rxd6 Qxd6 19. Qxb7 Bd5
20. Nxd5 Rb8 21. Qxa7 Rc8+ 22. Ndc3 Qxh2 23. Kb1 Rxf2 24. Qe3 Re8 25. Ne4 Rg2
26. Qf3 Qh4 27. Qxg2 Qxe1+ 28. Kc2 f5 29. N4c3 Qh4 30. Qd5 Qg4 31. Qd6+ Kg7 32.
Nf4 Qg5 33. b4 1/2-1/2

[Event "32. Staufer-Open A-Turnier"]
[Site "Schwäbisch Gmünd"]
[Date "2020.01.03"]
[Round "3.24"]
[White "Gheng, Josef"]
[Black "Burmakin, Vladimir"]
[Result "1/2-1/2"]
[WhiteElo "2201"]
[BlackElo "2519"]
[PlyCount "107"]
[EventDate "2020.??.??"]
[WhiteTeam "SK Wernau"]
[BlackTeam "SF 90 Spraitbach"]

1. e4 c6 2. d4 d5 3. Nc3 g6 4. h3 dxe4 5. Nxe4 Bg7 6. Nf3 Nf6 7. Nxf6+ exf6 8.
Bc4 O-O 9. O-O Nd7 10. Bf4 Nb6 11. Bb3 Nd5 12. Bd2 Be6 13. c4 Ne7 14. Re1 Re8
15. Rc1 Qd7 16. Bb4 Rad8 17. Bxe7 Qxe7 18. d5 Qc5 19. Qd4 Qa5 20. Qc3 Qxc3 21.
bxc3 Bd7 22. Nd4 f5 23. Red1 cxd5 24. cxd5 Rc8 25. c4 Bxd4 26. Rxd4 b6 27. Kf1
Kf8 28. f3 Ke7 29. d6+ Kf6 30. Kf2 Rc5 31. Rc2 h6 32. f4 Re6 33. Rcd2 Re8 34.
h4 g5 35. hxg5+ hxg5 36. g3 Rh8 37. fxg5+ Kxg5 38. Bd1 Rh2+ 39. Ke3 Rxd2 40.
Kxd2 Kf6 41. Bb3 Rc8 42. Kc3 a5 43. Kd2 Rd8 44. a3 Be6 45. Ba4 Bd7 46. Bxd7
Rxd7 47. Ke3 Ke6 48. Kf4 Rxd6 49. Rxd6+ Kxd6 50. Kxf5 Kc5 51. g4 Kxc4 52. Kf6
b5 53. Kxf7 b4 54. axb4 1/2-1/2

[Event "32. Staufer-Open A-Turnier"]
[Site "Schwäbisch Gmünd"]
[Date "2020.01.03"]
[Round "3.25"]
[White "Pfatteicher, Lukas"]
[Black "Iniyan, Panneer Selvam"]
[Result "0-1"]
[WhiteElo "2179"]
[BlackElo "2494"]
[PlyCount "50"]
[EventDate "2020.??.??"]
[WhiteTeam "Karlsruher SF"]

1. d4 Nf6 2. c4 g6 3. Nc3 Bg7 4. e4 d6 5. Nf3 O-O 6. h3 e5 7. d5 Nh5 8. g3 f5
9. exf5 gxf5 10. Nh4 Nf4 11. Bd2 a5 12. gxf4 Qxh4 13. fxe5 dxe5 14. Rg1 f4 15.
Qf3 Nd7 16. Ne4 Nf6 17. Nxf6+ Rxf6 18. O-O-O Bf5 19. Bc3 Re8 20. Re1 Rg6 21.
Bd3 e4 22. Rxg6 hxg6 23. Qg2 f3 24. Qh2 Bh6+ 25. Bd2 e3 0-1

[Event "32. Staufer-Open A-Turnier"]
[Site "Schwäbisch Gmünd"]
[Date "2020.01.03"]
[Round "3.26"]
[White "Yankelevich, Lev"]
[Black "Braun, Joachim"]
[Result "1-0"]
[WhiteElo "2483"]
[BlackElo "2161"]
[PlyCount "79"]
[EventDate "2020.??.??"]
[WhiteTeam "SG Speyer-Schwegenheim"]
[BlackTeam "SF Birkenfeld"]

1. d4 Nf6 2. c4 e6 3. Nf3 b6 4. a3 Bb7 5. Nc3 d5 6. cxd5 Nxd5 7. Qc2 g6 8. Bg5
Qc8 9. Nxd5 exd5 10. Bf6 Rg8 11. e3 Nd7 12. Bh4 Bd6 13. Bd3 Kf8 14. O-O Kg7 15.
e4 c5 16. e5 Bc7 17. Bb5 Bd8 18. Bxd8 Rxd8 19. Qd2 Nf8 20. Qf4 Qe6 21. Nh4 a5
22. g4 Ba6 23. Bxa6 Rxa6 24. Qg3 Kh8 25. f4 f5 26. gxf5 gxf5 27. Qg5 Rd7 28.
Qxf5 Rf7 29. Qxe6 Nxe6 30. dxc5 bxc5 31. f5 Ng5 32. e6 Rf6 33. Rac1 Ne4 34.
Rfd1 Ra8 35. Rxd5 Rg8+ 36. Kf1 Re8 37. Ke2 Rh6 38. Nf3 Rh5 39. Ke3 Nf6 40.
Rdxc5 1-0

[Event "32. Staufer-Open A-Turnier"]
[Site "Schwäbisch Gmünd"]
[Date "2020.01.03"]
[Round "3.30"]
[White "Hacker, Jonas"]
[Black "Westphal, Wolfgang"]
[Result "1-0"]
[WhiteElo "2375"]
[BlackElo "2151"]
[PlyCount "53"]
[EventDate "2020.??.??"]
[WhiteTeam "SC Eppingen"]
[BlackTeam "SF Schwerin"]

1. e4 e5 2. Nf3 d5 3. exd5 e4 4. Qe2 Nf6 5. d3 Qe7 6. dxe4 Qxe4 7. Nc3 Qxe2+ 8.
Bxe2 Bb4 9. Bd2 O-O 10. O-O-O Re8 11. Bb5 Bd7 12. Bxd7 Nbxd7 13. Nb5 Bxd2+ 14.
Rxd2 Rec8 15. Nc3 Nb6 16. Rhd1 a6 17. Nd4 g6 18. Nb3 Nc4 19. Rd4 Nd6 20. Nc5
Re8 21. f3 Re7 22. N5e4 Nfxe4 23. Nxe4 Kg7 24. a4 b5 25. Nxd6 cxd6 26. b3 Rc8
27. R1d2 1-0

[Event "32. Staufer-Open A-Turnier"]
[Site "Schwäbisch Gmünd"]
[Date "2020.01.03"]
[Round "3.32"]
[White "Sarvadh Sathiaram"]
[Black "Das, Soham"]
[Result "1/2-1/2"]
[WhiteElo "2150"]
[BlackElo "2355"]
[PlyCount "38"]
[EventDate "2020.??.??"]
[BlackTeam "SK Tarrasch München"]

1. e4 e6 2. d4 d5 3. Nc3 Bb4 4. Nge2 dxe4 5. a3 Bxc3+ 6. Nxc3 Nc6 7. d5 exd5 8.
Qxd5 Be6 9. Qxe4 Nf6 10. Qh4 Qe7 11. Be2 O-O-O 12. Bg5 Bf5 13. O-O Bxc2 14.
Rfe1 Qd7 15. Bb5 a6 16. Bxc6 Qxc6 17. Rac1 Rhe8 18. Rxe8 Rxe8 19. h3 Qd6
1/2-1/2

[Event "32. Staufer-Open A-Turnier"]
[Site "Schwäbisch Gmünd"]
[Date "2020.01.03"]
[Round "3.35"]
[White "Hahn, Markus"]
[Black "Budzyn, Matthias"]
[Result "0-1"]
[WhiteElo "2297"]
[BlackElo "2119"]
[PlyCount "38"]
[EventDate "2020.??.??"]
[WhiteTeam "SVG Caissa Kassel"]
[BlackTeam "SG Turm Kiel"]

1. d4 Nf6 2. c4 g6 3. Nf3 Bg7 4. Nc3 d5 5. Bg5 Ne4 6. Bh4 Nxc3 7. bxc3 c5 8.
cxd5 Qxd5 9. e3 cxd4 10. cxd4 Nc6 11. Be2 O-O 12. O-O Bf5 13. Nd2 e5 14. Bf3 e4
15. Be2 Rfe8 16. Qb1 Nxd4 17. exd4 e3 18. Qd1 exd2 19. Qxd2 Qe4 0-1

[Event "32. Staufer-Open A-Turnier"]
[Site "Schwäbisch Gmünd"]
[Date "2020.01.03"]
[Round "4.2"]
[White "Lanka, Zigurds"]
[Black "Vogel, Roven"]
[Result "1/2-1/2"]
[WhiteElo "2377"]
[BlackElo "2465"]
[PlyCount "20"]
[EventDate "2020.??.??"]
[WhiteTeam "SC Viernheim"]
[BlackTeam "USV TU Dresden"]

1. Nf3 d5 2. c4 e6 3. b3 Nf6 4. g3 Be7 5. Bg2 O-O 6. O-O c5 7. d3 Nc6 8. e3 b6
9. Bb2 Bb7 10. Qe2 Qc7 1/2-1/2

[Event "32. Staufer-Open A-Turnier"]
[Site "Schwäbisch Gmünd"]
[Date "2020.01.03"]
[Round "4.3"]
[White "Schröder, Jan-Christian"]
[Black "Buckels, Valentin"]
[Result "1-0"]
[WhiteElo "2553"]
[BlackElo "2459"]
[PlyCount "79"]
[EventDate "2020.??.??"]
[WhiteTeam "SF 1903 Berlin"]
[BlackTeam "SV Mülheim-Nord"]

1. e4 e5 2. Nf3 Nc6 3. Bb5 a6 4. Ba4 Nf6 5. O-O Be7 6. Re1 b5 7. Bb3 O-O 8. a4
Bb7 9. d3 d6 10. Nbd2 Nd7 11. c3 Nc5 12. axb5 axb5 13. Rxa8 Qxa8 14. Bc2 b4 15.
d4 bxc3 16. bxc3 Nd7 17. Nf1 Qa1 18. Qd3 Bf6 19. Rd1 exd4 20. cxd4 Qa5 21. Qe2
Nb4 22. Bd2 Qa6 23. Qxa6 Nxa6 24. Ne3 Re8 25. Bd3 Nab8 26. Rc1 Bd8 27. Nd5 c5
28. Rb1 Ba6 29. Bxa6 Nxa6 30. Rb7 Nf6 31. Nxf6+ Bxf6 32. Bf4 cxd4 33. Bxd6 Rxe4
34. Ra7 h6 35. Rxa6 d3 36. g3 Bc3 37. Bf4 g5 38. Bd2 Bxd2 39. Nxd2 Re2 40. Nf1
1-0

[Event "32. Staufer-Open A-Turnier"]
[Site "Schwäbisch Gmünd"]
[Date "2020.01.03"]
[Round "4.4"]
[White "Wenninger, Philipp"]
[Black "Orlov, Andrey"]
[Result "1/2-1/2"]
[WhiteElo "2366"]
[BlackElo "2510"]
[PlyCount "22"]
[EventDate "2020.??.??"]
[WhiteTeam "TSV Schönaich"]
[BlackTeam "Düsseldorfer SK"]

1. d4 Nf6 2. c4 e6 3. g3 c5 4. d5 exd5 5. cxd5 d6 6. Nc3 g6 7. Bg2 Bg7 8. Nf3
O-O 9. O-O a6 10. a4 Nbd7 11. Nd2 Rb8 1/2-1/2

[Event "32. Staufer-Open A-Turnier"]
[Site "Schwäbisch Gmünd"]
[Date "2020.01.03"]
[Round "4.5"]
[White "Pap, Misa"]
[Black "Farmani Anosheh, Armin"]
[Result "1-0"]
[WhiteElo "2427"]
[BlackElo "2353"]
[PlyCount "147"]
[EventDate "2020.??.??"]
[WhiteTeam "SF Augsburg"]
[BlackTeam "SK Ladenburg"]

1. e4 c5 2. c3 Nf6 3. e5 Nd5 4. Nf3 Nc6 5. Bc4 Nb6 6. Bb3 c4 7. Bc2 g6 8. Na3
d5 9. exd6 Qxd6 10. O-O Bg7 11. b3 cxb3 12. axb3 O-O 13. d4 a6 14. Nc4 Nxc4 15.
bxc4 b6 16. Re1 Qc7 17. Ba3 Rd8 18. Be4 e6 19. c5 b5 20. Bc1 h6 21. g3 Bb7 22.
Bf4 Qd7 23. Qc1 h5 24. Bd6 f5 25. Bb1 Nxd4 26. Nxd4 Bxd4 27. cxd4 Qc6 28. Be4
fxe4 29. Qh6 Rd7 30. Qxg6+ Rg7 31. Qxe6+ Rf7 32. Qg6+ Rg7 33. Qxh5 Rh7 34. Qg6+
Rg7 35. Qe6+ Rf7 36. Re3 Re8 37. d5 Rxe6 38. dxc6 Bxc6 39. Rxa6 Bd5 40. Rb6 Bc4
41. Kg2 Kh7 42. h4 Ref6 43. Bf4 Rxb6 44. cxb6 Rb7 45. Kh3 Bd3 46. f3 Rxb6 47.
fxe4 Bc2 48. Re2 Bd3 49. Rd2 Bxe4 50. Rd4 Re6 51. g4 Bc6 52. Kg3 Re1 53. h5
Rg1+ 54. Kh4 Re1 55. g5 Rh1+ 56. Kg4 Rg1+ 57. Kf5 Be8 58. Rd6 Rh1 59. g6+ Kg7
60. Be5+ Kh6 61. g7+ Kh7 62. Rh6+ Kxh6 63. g8=Q Bd7+ 64. Kf6 Rf1+ 65. Ke7 Bf5
66. Qh8+ Kg5 67. Bf6+ Kf4 68. Qb8+ Kg4 69. Qg8+ Kf4 70. Qg5+ Ke4 71. h6 Rd1 72.
Qg2+ Ke3 73. Bg5+ Kd4 74. Qf2+ 1-0

[Event "32. Staufer-Open A-Turnier"]
[Site "Schwäbisch Gmünd"]
[Date "2020.01.03"]
[Round "4.6"]
[White "Unzicker, Ferdinand"]
[Black "Velicka, Petr"]
[Result "1/2-1/2"]
[WhiteElo "2322"]
[BlackElo "2424"]
[PlyCount "32"]
[EventDate "2020.??.??"]
[WhiteTeam "FC Bayern München"]
[BlackTeam "SG Schwäbisch Gmünd"]

1. c4 c6 2. Nf3 d5 3. e3 Bg4 4. Be2 e6 5. b3 Nf6 6. h3 Bh5 7. O-O Bd6 8. Bb2
O-O 9. d3 Nbd7 10. cxd5 cxd5 11. a3 Qe7 12. Nbd2 Rfc8 13. Qb1 Rc7 14. Rc1 Rac8
15. Rxc7 Rxc7 16. Qd1 Qd8 1/2-1/2

[Event "32. Staufer-Open A-Turnier"]
[Site "Schwäbisch Gmünd"]
[Date "2020.01.03"]
[Round "4.7"]
[White "Chittka, Julius"]
[Black "Roseneck, Jonas"]
[Result "1-0"]
[WhiteElo "2304"]
[BlackElo "2413"]
[PlyCount "63"]
[EventDate "2020.??.??"]
[WhiteTeam "SF Düsseldorf-Süd"]
[BlackTeam "SG Aufbau Elbe Magdeburg"]

1. Nf3 Nf6 2. b3 d5 3. Bb2 Bg4 4. g3 Nbd7 5. Bg2 e6 6. O-O Bd6 7. d3 O-O 8.
Nbd2 e5 9. h3 Bh5 10. c4 c6 11. cxd5 cxd5 12. e4 d4 13. Nc4 Ne8 14. Qd2 Bxf3
15. Bxf3 b5 16. Nxd6 Nxd6 17. Rac1 a5 18. Bg4 b4 19. a3 Rb8 20. axb4 axb4 21.
f4 f6 22. Rc6 Qe7 23. Qc2 Rfd8 24. Ra1 Nb5 25. Qc4+ Kh8 26. Ra5 Nd6 27. Qd5 Nb7
28. Ra7 Ndc5 29. Qc4 Ra8 30. Rxa8 Rxa8 31. Qxb4 Ra2 32. Rc8+ 1-0

[Event "32. Staufer-Open A-Turnier"]
[Site "Schwäbisch Gmünd"]
[Date "2020.01.03"]
[Round "4.8"]
[White "Baskin, Robert"]
[Black "Stork, Oliver"]
[Result "1/2-1/2"]
[WhiteElo "2406"]
[BlackElo "2267"]
[PlyCount "37"]
[EventDate "2020.??.??"]
[WhiteTeam "Wiesbadener SV"]
[BlackTeam "SV Oberursel"]

1. e4 c5 2. Nf3 a6 3. c3 e6 4. d4 d5 5. e5 Bd7 6. Bd3 Nc6 7. O-O cxd4 8. cxd4
Qb6 9. Nc3 Nxd4 10. Nxd4 Qxd4 11. Qe2 g6 12. Be3 Qh4 13. f4 Nh6 14. Rf3 Qd8 15.
Rh3 Nf5 16. Bxf5 gxf5 17. Bd4 Qa5 18. Qf2 Rc8 19. Rd1 1/2-1/2

[Event "32. Staufer-Open A-Turnier"]
[Site "Schwäbisch Gmünd"]
[Date "2020.01.03"]
[Round "4.9"]
[White "Suvorov, Alexander"]
[Black "Nguyen, Alex Dac-Vuong"]
[Result "1/2-1/2"]
[WhiteElo "2267"]
[BlackElo "2401"]
[PlyCount "54"]
[EventDate "2020.??.??"]
[WhiteTeam "SG Porz"]
[BlackTeam "SG Leipzig"]

1. d4 Nf6 2. c4 c5 3. d5 b5 4. cxb5 a6 5. bxa6 g6 6. Nc3 Bg7 7. e4 O-O 8. Nf3
Qa5 9. Bd2 Bxa6 10. Be2 d6 11. O-O Bxe2 12. Qxe2 Qa6 13. Qd1 Nbd7 14. Qc2 Rfb8
15. a4 Qc4 16. Rfb1 Qb3 17. Qd3 Rb4 18. Ra3 Qc4 19. Qc2 Ng4 20. b3 Qa6 21. h3
Nge5 22. Ne1 Rab8 23. Raa1 c4 24. bxc4 Rxb1 25. Rxb1 Rxb1 26. Nxb1 Nxc4 27. Bc3
Nc5 1/2-1/2

[Event "32. Staufer-Open A-Turnier"]
[Site "Schwäbisch Gmünd"]
[Date "2020.01.03"]
[Round "4.10"]
[White "Jurek, Josef"]
[Black "Gschnitzer, Adrian"]
[Result "1/2-1/2"]
[WhiteElo "2235"]
[BlackElo "2388"]
[PlyCount "24"]
[EventDate "2020.??.??"]
[WhiteTeam "SG Schwäbisch Gmünd"]
[BlackTeam "SV Walldorf"]

1. Nf3 c5 2. c4 Nf6 3. g3 d5 4. cxd5 Nxd5 5. Bg2 Nc6 6. Nc3 Nc7 7. O-O e5 8. b3
Be7 9. Bb2 f6 10. Rc1 Ne6 11. Nh4 Bd7 12. Nf5 Rb8 1/2-1/2

[Event "32. Staufer-Open A-Turnier"]
[Site "Schwäbisch Gmünd"]
[Date "2020.01.03"]
[Round "4.11"]
[White "Beukema, Jasper"]
[Black "Sedlak, Nikola"]
[Result "1/2-1/2"]
[WhiteElo "2256"]
[BlackElo "2563"]
[PlyCount "83"]
[EventDate "2020.??.??"]
[BlackTeam "SV Deggendorf"]

1. d4 Nf6 2. c4 g6 3. Nc3 d5 4. cxd5 Nxd5 5. Nf3 Bg7 6. g3 O-O 7. Bg2 Nb6 8.
O-O Nc6 9. d5 Na5 10. Qc2 c6 11. dxc6 Nxc6 12. Rd1 Bf5 13. e4 Bd7 14. Nd5 Rc8
15. Nxb6 Qxb6 16. Rxd7 Ne5 17. Qd1 Nxd7 18. Qxd7 Rfd8 19. Qa4 Qc6 20. Qb3 Qc2
21. Be3 Bxb2 22. Qxc2 Rxc2 23. Rb1 Bc3 24. Rxb7 Rxa2 25. Rxa7 Rxa7 26. Bxa7 h5
27. Be3 Ra8 28. Ng5 Ra4 29. f4 Bd4 30. Bxd4 Rxd4 31. e5 e6 32. Bc6 Kf8 33. Kg2
h4 34. Be4 Rd2+ 35. Kh3 hxg3 36. hxg3 Kg7 37. Bc6 Kf8 38. Kg4 Rc2 39. Be4 Rc4
40. Bd3 Rc3 41. Be4 Kg7 42. Bf3 1/2-1/2

[Event "32. Staufer-Open A-Turnier"]
[Site "Schwäbisch Gmünd"]
[Date "2020.01.03"]
[Round "4.12"]
[White "Iniyan, Panneer Selvam"]
[Black "Degenhard, Simon"]
[Result "1-0"]
[WhiteElo "2494"]
[BlackElo "2247"]
[PlyCount "71"]
[EventDate "2020.??.??"]
[BlackTeam "Heilbronner SV"]

1. d4 d5 2. c4 e6 3. Nf3 Nf6 4. Bg5 Be7 5. e3 Nbd7 6. Nc3 O-O 7. Rc1 a6 8. a4
h6 9. Bh4 dxc4 10. Bxc4 c5 11. O-O cxd4 12. exd4 b5 13. axb5 Nb6 14. Bd3 axb5
15. Bxb5 Bb7 16. Ne5 Rc8 17. Qd3 Nbd5 18. f3 Nb4 19. Qd2 Qd6 20. Rfd1 Bd8 21.
Na4 Rxc1 22. Qxc1 Bd5 23. Nc5 Qb6 24. Ba4 Qa7 25. b3 g5 26. Be1 Na6 27. Nxa6
Qxa6 28. Bb4 Bb6 29. Bxf8 Kxf8 30. Qa3+ Kg7 31. Qe7 Qb7 32. Qxb7 Bxb7 33. Bc6
Ba6 34. Kf2 Nh5 35. Nd7 Ba7 36. Nc5 1-0

[Event "32. Staufer-Open A-Turnier"]
[Site "Schwäbisch Gmünd"]
[Date "2020.01.03"]
[Round "4.13"]
[White "Sieber, Fiona"]
[Black "Yankelevich, Lev"]
[Result "1-0"]
[WhiteElo "2245"]
[BlackElo "2483"]
[PlyCount "67"]
[EventDate "2020.??.??"]
[WhiteTeam "SG Aufbau Elbe Magdeburg"]
[BlackTeam "SG Speyer-Schwegenheim"]

1. e4 e5 2. Nf3 Nc6 3. Bb5 a6 4. Ba4 Nf6 5. O-O Be7 6. Re1 b5 7. Bb3 O-O 8. c3
d6 9. h3 Na5 10. Bc2 c5 11. d4 Nd7 12. Nbd2 exd4 13. cxd4 Nc6 14. d5 Nce5 15.
a4 Rb8 16. Nxe5 Nxe5 17. f4 Ng6 18. Nf3 Bh4 19. Rf1 Bg3 20. f5 Ne5 21. axb5
axb5 22. Ng5 h6 23. f6 gxf6 24. Nf3 Kg7 25. b4 Qe7 26. Ra3 Nc4 27. Rb3 Bd7 28.
Nd4 Be5 29. Nc6 Bxc6 30. Qg4+ Kh7 31. Bxh6 f5 32. Qh5 Qa7 33. Rg3 Bxg3 34. Bg5+
1-0

[Event "32. Staufer-Open A-Turnier"]
[Site "Schwäbisch Gmünd"]
[Date "2020.01.03"]
[Round "4.14"]
[White "Schitco, Ivan"]
[Black "Krämer, Enrico"]
[Result "1-0"]
[WhiteElo "2467"]
[BlackElo "2241"]
[PlyCount "67"]
[EventDate "2020.??.??"]
[WhiteTeam "Stuttgarter SF"]
[BlackTeam "SG Speyer-Schwegenheim"]

1. e4 e5 2. Nf3 Nc6 3. Bc4 Nf6 4. d3 Be7 5. O-O O-O 6. Re1 d6 7. a4 Na5 8. Ba2
c5 9. c3 Nc6 10. Na3 h6 11. Bd2 Re8 12. Nc2 Bf8 13. b4 Be6 14. b5 Nb8 15. Bxe6
Rxe6 16. c4 a5 17. Ne3 g6 18. g3 Bg7 19. Kh1 Nbd7 20. Rg1 Re8 21. Qf1 Nf8 22.
Qg2 Ne6 23. Raf1 Rf8 24. Ne1 Nd4 25. f4 Kh7 26. Nf3 Nd7 27. f5 Nb6 28. Qh3 g5
29. f6 Bxf6 30. Ng4 Bg7 31. Nxh6 Kg6 32. Bxg5 f6 33. Nxd4 fxg5 34. Ne6 1-0

[Event "32. Staufer-Open A-Turnier"]
[Site "Schwäbisch Gmünd"]
[Date "2020.01.03"]
[Round "4.15"]
[White "Krassowizkij, Jaroslaw"]
[Black "Lederle, Vitus"]
[Result "1-0"]
[WhiteElo "2462"]
[BlackElo "2220"]
[PlyCount "71"]
[EventDate "2020.??.??"]
[WhiteTeam "TSV Schönaich"]
[BlackTeam "SC Dillingen"]

1. d4 Nf6 2. c4 e6 3. g3 d5 4. Nf3 Be7 5. Bg2 O-O 6. Nc3 dxc4 7. Ne5 Nc6 8.
Bxc6 bxc6 9. Nxc6 Qe8 10. Nxe7+ Qxe7 11. Qa4 e5 12. d5 Bh3 13. Qxc4 Rab8 14.
Be3 Nd7 15. O-O-O Nb6 16. Bxb6 Rxb6 17. Rd2 Rfb8 18. a3 Bc8 19. Na4 Rb5 20.
Rhd1 h6 21. Rc2 R5b7 22. Nc5 Rb6 23. Nd3 e4 24. Nb4 e3 25. Qxc7 Qxc7 26. Rxc7
exf2 27. Rf1 Rf6 28. Nc6 Bh3 29. Rxf2 Rxf2 30. Nxb8 Rxe2 31. d6 Rxh2 32. d7
Bxd7 33. Rxd7 Rh3 34. Rd3 h5 35. Kd2 g5 36. Nc6 1-0

[Event "32. Staufer-Open A-Turnier"]
[Site "Schwäbisch Gmünd"]
[Date "2020.01.03"]
[Round "4.16"]
[White "Wachinger, Nikolas"]
[Black "Rosner, Jonas"]
[Result "1/2-1/2"]
[WhiteElo "2232"]
[BlackElo "2428"]
[PlyCount "63"]
[EventDate "2020.??.??"]
[WhiteTeam "SV Werder Bremen"]
[BlackTeam "SK Ettlingen"]

1. d4 d5 2. c4 e6 3. Nc3 Be7 4. cxd5 exd5 5. Bf4 Nf6 6. e3 Bf5 7. Qb3 Nc6 8.
Qxb7 Nb4 9. Bb5+ Kf8 10. Kd2 a6 11. Ba4 Nd3 12. Bxc7 Qc8 13. Qxc8+ Rxc8 14. Ba5
Nxf2 15. Rf1 N2e4+ 16. Nxe4 Nxe4+ 17. Ke2 g6 18. Nf3 Kg7 19. Rc1 h5 20. Bc6 Be6
21. Nd2 Bg4+ 22. Nf3 Be6 23. b4 Nd6 24. Nd2 h4 25. a4 h3 26. g3 Rh5 27. b5 axb5
28. axb5 Bg4+ 29. Kd3 Bf5+ 30. Ke2 Bg4+ 31. Kd3 Bf5+ 32. Ke2 1/2-1/2

[Event "32. Staufer-Open A-Turnier"]
[Site "Schwäbisch Gmünd"]
[Date "2020.01.03"]
[Round "4.17"]
[White "Skembris, Spyridon"]
[Black "Osmanodja, Filiz"]
[Result "1-0"]
[WhiteElo "2415"]
[BlackElo "2203"]
[PlyCount "87"]
[EventDate "2020.??.??"]
[WhiteTeam "SC Grunbach"]
[BlackTeam "USV TU Dresden"]

1. c4 e6 2. Nf3 d5 3. d4 Nf6 4. Nc3 Be7 5. Bg5 O-O 6. e3 h6 7. Bh4 Ne4 8. Bxe7
Qxe7 9. Rc1 c6 10. Qc2 Nxc3 11. Qxc3 Nd7 12. Be2 Re8 13. O-O dxc4 14. Bxc4 e5
15. Bb3 e4 16. Nd2 Nf6 17. Qc5 Be6 18. Qxe7 Rxe7 19. Bxe6 Rxe6 20. Rc5 Nd5 21.
a3 f5 22. Re1 Rae8 23. Nb1 g5 24. Nc3 b6 25. Rc4 Nf6 26. Ne2 Nd7 27. Rec1 c5
28. R4c2 Rf6 29. b4 cxd4 30. Nxd4 Ne5 31. Rc7 f4 32. h3 fxe3 33. fxe3 g4 34. h4
g3 35. Ne2 Rg6 36. Rxa7 Ng4 37. Nf4 Rd6 38. Nh5 Red8 39. Rf1 Nxe3 40. Re1 Nc2
41. Rf1 Ne3 42. Re1 Nf5 43. Kf1 e3 44. Rc1 {Rest unleserlich} 1-0

[Event "32. Staufer-Open A-Turnier"]
[Site "Schwäbisch Gmünd"]
[Date "2020.01.03"]
[Round "4.18"]
[White "Hess, Max"]
[Black "Tscharotschkin, Michael"]
[Result "1-0"]
[WhiteElo "2388"]
[BlackElo "2156"]
[PlyCount "77"]
[EventDate "2020.??.??"]
[WhiteTeam "SC Garching"]
[BlackTeam "SF Neckartenzlingen"]

1. e4 e6 2. d4 d5 3. Nc3 Bb4 4. exd5 exd5 5. Bd3 Ne7 6. Qh5 Qd7 7. Bf4 Bd6 8.
Bxd6 Qxd6 9. Nb5 Qb6 10. Qe5 Kd8 11. O-O-O a6 12. Nc3 Qh6+ 13. Kb1 Nbc6 14. Qg3
Be6 15. Nge2 Kd7 16. Rhe1 Nb4 17. Nf4 Nxd3 18. Nxd3 Rae8 19. Nc5+ Kc8 20. N3a4
Bd7 21. Nxd7 Kxd7 22. Qg4+ f5 23. Nc5+ Kc8 24. Qf3 Qxh2 25. Re6 Nc6 26. Qxd5
Rd8 27. Qb3 Na5 28. Qc3 Nc6 29. Qb3 Na5 30. Qc3 Nc6 31. Nxb7 Rxd4 32. Rxd4 Nxd4
33. Re1 Kxb7 {(=)} 34. Qxd4 Qxg2 35. a3 Qg5 36. Qd5+ Kb8 37. Re3 Rd8 38. Rb3+
Kc8 39. Qa8+ 1-0

[Event "32. Staufer-Open A-Turnier"]
[Site "Schwäbisch Gmünd"]
[Date "2020.01.03"]
[Round "4.19"]
[White "Dorst, Johannes"]
[Black "Hacker, Jonas"]
[Result "1-0"]
[WhiteElo "2222"]
[BlackElo "2375"]
[PlyCount "83"]
[EventDate "2020.??.??"]
[WhiteTeam "SK Marburg"]
[BlackTeam "SC Eppingen"]

1. e4 e5 2. Nf3 Nc6 3. Bb5 a6 4. Bxc6 dxc6 5. O-O f6 6. d4 exd4 7. Nxd4 c5 8.
Ne2 Qxd1 9. Rxd1 Bd7 10. Nbc3 O-O-O 11. Be3 b6 12. Rd2 Re8 13. Rad1 Bc6 14. a4
Ne7 15. a5 Ng6 16. axb6 cxb6 17. b3 Be7 18. Ng3 Nh4 19. Nd5 Bd8 20. b4 Bxd5 21.
exd5 cxb4 22. Rd4 g5 23. Rxb4 b5 24. c4 f5 25. Bd4 Rhg8 26. cxb5 a5 27. Rc4+
Kb7 28. Bc5 Rg6 29. Kf1 h6 30. d6 Ree6 31. Rd2 Rg8 32. Ne2 f4 33. Nd4 Re4 34.
Rc1 g4 35. Nc6 f3 36. g3 Ng2 37. d7 h5 38. Ba3 Bg5 39. d8=Q Bxd8 40. Nxd8+ Kb6
41. Bc5+ Kxb5 42. Rb2+ 1-0